[Event "SRB-chT (Women)"]
[Site "Novi Sad"]
[Date "2017.09.10"]
[Round "10.4"]
[White "Laketic, Milica"]
[Black "Benderac, Ana"]
[Result "0-1"]
[WhiteElo "2069"]
[BlackElo "2232"]
[PlyCount "88"]
[EventDate "2017.09.01"]
[EventType "team-tourn"]
[EventRounds "11"]
[EventCountry "SRB"]
[SourceTitle "CBM 180 Extra"]
[Source "ChessBase"]
[SourceDate "2017.10.06"]
[SourceVersion "1"]
[SourceVersionDate "2017.10.06"]
[SourceQuality "1"]
[WhiteTeam "Sombor (W)"]
[BlackTeam "Belgrade Bas (W)"]
[WhiteTeamCountry "SRB"]
[BlackTeamCountry "SRB"]

1. e4 c5 2. Nf3 d6 3. d4 cxd4 4. Nxd4 Nf6 5. Nc3 a6 6. Bc4 e6 7. 0-0 Nbd7 8. Bxe6 fxe6 9. Nxe6 Qb6 10. Nd5 Nxd5 11. exd5 Nc5 12. Nxf8 Rxf8 13. Qh5+ Kd7 14. Qxh7 Kc7 15. Qxg7+ Bd7 16. Qc3 a5 17. Be3 Qb4 18. Qxb4 axb4 19. Bxc5 dxc5 20. Rfd1 Kd6 21. a3 bxa3 22. bxa3 Ra4 23. f3 b5 24. Kf2 Rfa8 25. g4 b4 26. Rab1 bxa3 27. Ra1 a2 28. h4 Rd4 29. Rh1 Rxd5 30. h5 Be6 31. h6 Ke7 32. h7 Rdd8 33. g5 Kf7 34. Rh6 Bd5 35. f4 Kg7 36. f5 Rf8 37. f6+ Kh8 38. Ke3 Rf7 39. g6 Rxf6 40. Rg1 Kg7 41. Rh5 Rxg6 42. Ra1 Re8+ 43. Kf2 Rg2+ 44. Kf1 Rf8+ 0-1

[Event "SRB-chT (Women)"]
[Site "Novi Sad"]
[Date "2017.09.04"]
[Round "4.1"]
[White "Laketic, Milica"]
[Black "Nestorovic, Katarina"]
[Result "0-1"]
[WhiteElo "2069"]
[BlackElo "2051"]
[PlyCount "58"]
[EventDate "2017.09.01"]
[EventType "team-tourn"]
[EventRounds "11"]
[EventCountry "SRB"]
[SourceTitle "CBM 180 Extra"]
[Source "ChessBase"]
[SourceDate "2017.10.06"]
[SourceVersion "1"]
[SourceVersionDate "2017.10.06"]
[SourceQuality "1"]
[WhiteTeam "Sombor (W)"]
[BlackTeam "Novi Sad Sah Kruzok (W)"]
[WhiteTeamCountry "SRB"]
[BlackTeamCountry "SRB"]

1. e4 c5 2. Nf3 e6 3. d4 cxd4 4. Nxd4 Nf6 5. Nc3 d6 6. Be2 Be7 7. 0-0 0-0 8. f4 a6 9. Bf3 Qc7 10. Kh1 Nc6 11. Be3 Bd7 12. Qe1 Rac8 13. Rd1 b5 14. a3 Nxd4 15. Bxd4 e5 16. Be3 a5 17. fxe5 dxe5 18. Bg5 Bc6 19. Bxf6 Bxf6 20. Bg4 Rcd8 21. Rxf6 Rxd1 22. Nxd1 gxf6 23. Bf5 Rd8 24. Ne3 Qd6 25. h3 Qd4 26. Qg3+ Kf8 27. Qf3 Qxb2 28. Bxh7 Rd4 29. Qxf6 Qc1+ 0-1

[Event "Lignano Sabbiadoro op 3rd"]
[Site "Lignano Sabbiadoro"]
[Date "2017.07.31"]
[Round "2"]
[White "Vuelban, Virgilio"]
[Black "Laketic, Milica"]
[Result "1-0"]
[WhiteElo "2282"]
[BlackElo "2074"]
[PlyCount "81"]
[EventDate "2017.07.30"]
[EventType "swiss"]
[EventRounds "9"]
[EventCountry "ITA"]
[SourceTitle "CBM 179 Extra"]
[Source "ChessBase"]
[SourceDate "2017.08.23"]
[SourceVersion "1"]
[SourceVersionDate "2017.08.23"]
[SourceQuality "1"]

1. e4 Nf6 2. e5 Nd5 3. d4 d6 4. c4 Nb6 5. exd6 cxd6 6. Nc3 g6 7. Be3 Bg7 8. Rc1 0-0 9. b3 Nc6 10. d5 Ne5 11. Be2 f5 12. f4 Ng4 13. Bxg4 fxg4 14. Nge2 e5 15. dxe6 Bxe6 16. 0-0 Qe7 17. Bd4 Rad8 18. Bxg7 Qxg7 19. Nd4 Bf5 20. Re1 Kh8 21. Qd2 a6 22. Ne6 Bxe6 23. Rxe6 Qf7 24. Qd4+ Kg8 25. Rce1 Nc8 26. Nd5 Qg7 27. Qd1 h5 28. Qd3 Kh7 29. h3 gxh3 30. Qxh3 Rf7 31. Kh2 Rdf8 32. R1e3 Qh6 33. Rg3 Rg7 34. f5 Rxf5 35. Rexg6 Qxg6 36. Rxg6 Kxg6 37. Qd3 Kg5 38. Qe3+ Kh4 39. Qd4+ Rg4 40. g3+ Kg5 41. Qg7# 1-0

[Event "SRB-chT (Women)"]
[Site "Valjevo"]
[Date "2012.09.26"]
[Round "10.5"]
[White "Laketic, Milica"]
[Black "Stojanovic, Andjelija"]
[Result "1/2-1/2"]
[WhiteElo "2089"]
[BlackElo "2263"]
[PlyCount "98"]
[EventDate "2012.09.17"]
[EventType "team-tourn"]
[EventRounds "11"]
[EventCountry "SRB"]
[SourceTitle "CBM 150 Extra"]
[Source "ChessBase"]
[SourceDate "2012.10.19"]
[SourceVersion "1"]
[SourceVersionDate "2012.10.19"]
[SourceQuality "1"]
[WhiteTeam "Novi Sad Sah Kruzok (W)"]
[BlackTeam "Belgrade BAS (W)"]
[WhiteTeamCountry "SRB"]
[BlackTeamCountry "SRB"]

1. e4 c5 2. Nf3 Nc6 3. d4 cxd4 4. Nxd4 e5 5. Nb5 d6 6. c4 Be7 7. N1c3 a6 8. Na3 Be6 9. Nc2 Rc8 10. Be2 h6 11. 0-0 Nf6 12. Be3 0-0 13. Qd2 Na5 14. b3 b5 15. Rac1 bxc4 16. b4 Nc6 17. Rfd1 Rb8 18. a3 Qd7 19. f3 Rfc8 20. Nd5 Bxd5 21. exd5 Na7 22. Ne1 e4 23. Bxc4 exf3 24. Nxf3 Ng4 25. Bxa6 Rxc1 26. Rxc1 Nxe3 27. Qxe3 Bd8 28. Kh1 Bb6 29. Qd3 Re8 30. Re1 Rxe1+ 31. Nxe1 Nc8 32. Bxc8 Qxc8 33. Nc2 Qg4 34. a4 Qf4 35. Qd1 Qc4 36. a5 Bd8 37. Qb1 Qxd5 38. Ne3 Qb5 39. Qe4 Bg5 40. Qa8+ Kh7 41. Qe4+ Kg8 42. h4 Bf6 43. Qc4 Qe8 44. Nf1 Qe1 45. g3 d5 46. Qc8+ Kh7 47. Qf5+ Kg8 48. Qc8+ Kh7 49. Qf5+ Kg8 1/2-1/2

[Event "SRB-chT (Women)"]
[Site "Valjevo"]
[Date "2012.09.24"]
[Round "8.4"]
[White "Laketic, Milica"]
[Black "Tadic, Katarina"]
[Result "1-0"]
[WhiteElo "2089"]
[BlackElo "2065"]
[PlyCount "103"]
[EventDate "2012.09.17"]
[EventType "team-tourn"]
[EventRounds "11"]
[EventCountry "SRB"]
[SourceTitle "CBM 150 Extra"]
[Source "ChessBase"]
[SourceDate "2012.10.19"]
[SourceVersion "1"]
[SourceVersionDate "2012.10.19"]
[SourceQuality "1"]
[WhiteTeam "Novi Sad Sah Kruzok (W)"]
[BlackTeam "Mitrovica Rudar (W)"]
[WhiteTeamCountry "SRB"]
[BlackTeamCountry "SRB"]

1. e4 d5 2. exd5 Qxd5 3. Nc3 Qd6 4. d4 Nf6 5. Nb5 Qd8 6. c4 c6 7. Nc3 Bf5 8. h3 e6 9. Nf3 Bb4 10. Qb3 Qa5 11. Bd2 0-0 12. a3 Bxc3 13. Bxc3 Qb6 14. Qxb6 axb6 15. 0-0-0 Ne4 16. Be1 b5 17. Nh4 bxc4 18. Nxf5 exf5 19. Bxc4 Rd8 20. f3 Nf6 21. Bh4 Ra4 22. b3 Rxa3 23. Kb2 Ra7 24. d5 cxd5 25. Rhe1 Nbd7 26. Bxd5 Rda8 27. Bc4 Nb6 28. Bxf6 Nxc4+ 29. bxc4 Ra2+ 30. Kc3 gxf6 31. Rb1 R8a7 32. Re8+ Kg7 33. Rb2 R2a3+ 34. Kc2 R3a4 35. Rc8 Ra1 36. Rc7 R1a2 37. Rcxb7 Rxb7 38. Rxa2 Kf8 39. Ra5 f4 40. Rf5 Ke7 41. Rxf4 Ra7 42. Kb2 Rd7 43. Re4+ Kd8 44. Kc3 Kc7 45. Rf4 Kc6 46. Rxf6+ Kc5 47. Rf5+ Kc6 48. Rh5 f6 49. Rh6 Rf7 50. g4 Kc5 51. Rh5+ Kc6 52. Rf5 1-0

[Event "SRB-chT (Women)"]
[Site "Valjevo"]
[Date "2012.09.22"]
[Round "6.3"]
[White "Laketic, Milica"]
[Black "Manakova, Maria"]
[Result "0-1"]
[WhiteElo "2089"]
[BlackElo "2304"]
[PlyCount "63"]
[EventDate "2012.09.17"]
[EventType "team-tourn"]
[EventRounds "11"]
[EventCountry "SRB"]
[SourceTitle "CBM 150 Extra"]
[Source "ChessBase"]
[SourceDate "2012.10.19"]
[SourceVersion "1"]
[SourceVersionDate "2012.10.19"]
[SourceQuality "1"]
[WhiteTeam "Novi Sad Sah Kruzok (W)"]
[BlackTeam "Belgrade Rad (W)"]
[WhiteTeamCountry "SRB"]
[BlackTeamCountry "SRB"]

1. e4 c5 2. Nf3 Nc6 3. d4 cxd4 4. Nxd4 Nf6 5. Nc3 e5 6. Ndb5 d6 7. Nd5 Nxd5 8. exd5 Nb8 9. c4 Be7 10. Be2 0-0 11. 0-0 a6 12. Nc3 f5 13. f4 Nd7 14. Be3 exf4 15. Bxf4 Qb6+ 16. Kh1 Qxb2 17. Na4 Qf6 18. c5 Rb8 19. Rb1 g5 20. Bg3 f4 21. c6 bxc6 22. Rxb8 Nxb8 23. dxc6 Nxc6 24. Qd5+ Qe6 25. Qxc6 Qxe2 26. Re1 fxg3 27. Qc1 Qh5 28. Qc4+ Kh8 29. h3 Bxh3 30. Qc3+ Bf6 31. Qxg3 Be7 32. Kg1 0-1

[Event "SRB-chT (Women)"]
[Site "Valjevo"]
[Date "2011.09.02"]
[Round "7.3"]
[White "Petrovic, Tijana"]
[Black "Laketic, Milica"]
[Result "1/2-1/2"]
[WhiteElo "1655"]
[BlackElo "2114"]
[PlyCount "108"]
[EventDate "2011.08.27"]
[EventType "team-tourn"]
[EventRounds "11"]
[EventCountry "SRB"]
[SourceTitle "CBM 144 Extra"]
[Source "ChessBase"]
[SourceDate "2011.10.28"]
[SourceVersion "1"]
[SourceVersionDate "2011.10.28"]
[SourceQuality "1"]
[WhiteTeam "Pozarevac (W)"]
[BlackTeam "Novi Sad Sah Kruzok (W)"]
[WhiteTeamCountry "SRB"]
[BlackTeamCountry "SRB"]

1. e4 c5 2. Nf3 a6 3. d4 cxd4 4. Nxd4 Nf6 5. Nc3 e5 6. Nf3 Bb4 7. Bd2 0-0 8. Bd3 d5 9. Nxd5 Bxd2+ 10. Nxd2 Nxd5 11. exd5 Qxd5 12. 0-0 Nc6 13. Re1 Be6 14. Qh5 g6 15. Qh6 Nd4 16. Be4 Qd6 17. c3 Nc6 18. Nf3 f6 19. Bxg6 Qe7 20. Be4 Kh8 21. Nh4 Rg8 22. Ng6+ Rxg6 23. Bxg6 Rg8 24. Be4 Nd8 25. Bxh7 Qxh7 26. Qxf6+ Qg7 27. Qxg7+ Kxg7 28. Rxe5 Kf6 29. Rae1 Rg7 30. a4 Bh3 31. g3 Ne6 32. f4 Nxf4 33. R5e4 Nd3 34. R1e2 Bg4 35. Rd2 Kf5 36. Rd4 Ne5 37. Rf4+ Ke6 38. Kf2 Bf5 39. Re2 Kf6 40. Rd2 Ke6 41. Rfd4 Ng4+ 42. Kg2 Rf7 43. b4 Ne3+ 44. Kg1 Bc2 45. Rf4 Rxf4 46. gxf4 Kf5 47. b5 axb5 48. axb5 Kxf4 49. c4 Be4 50. c5 Nc4 51. Rd4 Ne5 52. c6 bxc6 53. Rxe4+ Kxe4 54. bxc6 Nxc6 1/2-1/2

[Event "SRB-chT (Women)"]
[Site "Valjevo"]
[Date "2011.08.28"]
[Round "2.2"]
[White "Laketic, Milica"]
[Black "Djukic, Sandra"]
[Result "0-1"]
[WhiteElo "2114"]
[BlackElo "2212"]
[PlyCount "72"]
[EventDate "2011.08.27"]
[EventType "team-tourn"]
[EventRounds "11"]
[EventCountry "SRB"]
[SourceTitle "CBM 144 Extra"]
[Source "ChessBase"]
[SourceDate "2011.10.28"]
[SourceVersion "1"]
[SourceVersionDate "2011.10.28"]
[SourceQuality "1"]
[WhiteTeam "Novi Sad Sah Kruzok (W)"]
[BlackTeam "Goracici Jelica (W)"]
[WhiteTeamCountry "SRB"]
[BlackTeamCountry "SRB"]

1. e4 d6 2. d4 Nf6 3. Nc3 e5 4. dxe5 dxe5 5. Qxd8+ Kxd8 6. Bg5 Nbd7 7. f3 c6 8. Bc4 Ke8 9. Nge2 Bc5 10. Nd1 h6 11. Be3 Bb4+ 12. c3 Bc5 13. a4 a5 14. 0-0 Ke7 15. Ng3 g6 16. f4 Bd6 17. fxe5 Nxe5 18. Bd4 h5 19. Ne3 Rf8 20. Rad1 h4 21. Ngf5+ gxf5 22. Rxf5 Nfg4 23. Nxg4 Nxg4 24. Rg5 Bf4 25. Rxg4 Bxg4 26. Bc5+ Kf6 27. Rf1 Kg5 28. h3 Be6 29. Be7+ Kg6 30. Bd3 Be5 31. Bxh4 f6 32. Bf2 Rfd8 33. Be2 Rd2 34. Bf3 Rxb2 35. Rd1 Bb3 36. Rd7 Rb1+ 0-1

[Event "SRB-chT (Women)"]
[Site "Novi Sad"]
[Date "2010.08.25"]
[Round "3"]
[White "Laketic, Milica"]
[Black "Babic, Marijana"]
[Result "1/2-1/2"]
[WhiteElo "2133"]
[BlackElo "2173"]
[PlyCount "32"]
[EventDate "2010.08.23"]
[EventType "team-tourn"]
[EventRounds "11"]
[EventCountry "YUG"]
[SourceTitle "CBM 138 Extra"]
[Source "ChessBase"]
[SourceDate "2010.10.29"]
[SourceVersion "1"]
[SourceVersionDate "2010.10.29"]
[SourceQuality "1"]

1. e4 e5 2. Nf3 Nc6 3. Bb5 a6 4. Bxc6 dxc6 5. d4 exd4 6. Qxd4 Qxd4 7. Nxd4 Bd7 8. Be3 0-0-0 9. Nc3 g6 10. 0-0 c5 11. Nde2 Bc6 12. f3 Re8 13. Rfe1 Nf6 14. Rad1 Nd7 15. Nd5 Bg7 16. b3 b6 1/2-1/2

[Event "SRB-chT (Women)"]
[Site "Novi Sad"]
[Date "2010.08.23"]
[Round "1"]
[White "Laketic, Milica"]
[Black "Rakic, Marija"]
[Result "1/2-1/2"]
[WhiteElo "2133"]
[BlackElo "2317"]
[PlyCount "153"]
[EventDate "2010.08.23"]
[EventType "team-tourn"]
[EventRounds "11"]
[EventCountry "YUG"]
[SourceTitle "CBM 138 Extra"]
[Source "ChessBase"]
[SourceDate "2010.10.29"]
[SourceVersion "1"]
[SourceVersionDate "2010.10.29"]
[SourceQuality "1"]

1. e4 g6 2. d4 Bg7 3. Nf3 d6 4. Bd3 c5 5. c3 cxd4 6. cxd4 Bg4 7. Qa4+ Nd7 8. Nbd2 Ngf6 9. h3 Bxf3 10. Nxf3 0-0 11. 0-0 Ne8 12. Be3 Nc7 13. Rac1 Ne6 14. b4 d5 15. Rfd1 Nb6 16. Qb3 Qd7 17. b5 Rad8 18. e5 f6 19. exf6 Bxf6 20. a4 Bg7 21. a5 Nc8 22. Ne5 Qd6 23. a6 Bxe5 24. dxe5 Qxe5 25. axb7 Nd6 26. Bxa7 Nxb7 27. Re1 Qf6 28. Rc6 Na5 29. Rcxe6 Nxb3 30. Rxf6 exf6 31. Rb1 Na5 32. Bc5 Rfe8 33. Bb6 Ra8 34. Bd4 Kf7 35. b6 Nb7 36. Bb5 Rec8 37. Bd7 Rc2 38. Re1 Nd8 39. Be8+ Kf8 40. Bxf6 Rb8 41. Ba4 Rd2 42. Re8+ Kf7 43. Rxd8 Rxb6 44. Bg5 Rb1+ 45. Kh2 Rxf2 46. Rxd5 Rbb2 47. Rd7+ Ke6 48. Bc6 Rxg2+ 49. Bxg2 Kxd7 50. Kg3 Ke6 51. Bf3 Kf5 52. h4 Rb3 53. Kf2 Rb4 54. Bd1 Rd4 55. Bb3 Rb4 56. Bc2+ Kg4 57. Bd1+ Kh3 58. Bf3 h6 59. Bxh6 Kxh4 60. Bf8 Rb2+ 61. Ke3 Kh3 62. Be7 Rb5 63. Bd6 g5 64. Be2 Rb6 65. Bf1+ Kh4 66. Bc5 Rc6 67. Bd4 g4 68. Kf4 g3 69. Bg2 Ra6 70. Kf3 Ra3+ 71. Be3 Rb3 72. Kf4 Rb2 73. Kf3 Ra2 74. Bc5 Rc2 75. Be7+ Kh5 76. Kxg3 Rxg2+ 77. Kxg2 1/2-1/2

[Event "Vojvodina-chT (Women)"]
[Site "Sremska Mitrovica"]
[Date "2006.09.22"]
[Round "1"]
[White "Laketic, Milica"]
[Black "Trivunovic, Jelena"]
[Result "1-0"]
[WhiteElo "2133"]
[BlackElo "1829"]
[PlyCount "79"]
[EventDate "2006.09.22"]
[EventType "team"]
[EventRounds "5"]
[EventCountry "YUG"]
[SourceTitle "CBM 114 Extra"]
[Source "ChessBase"]
[SourceDate "2006.11.03"]
[SourceVersion "1"]
[SourceVersionDate "2006.11.03"]
[SourceQuality "1"]

1. e4 e5 2. Nf3 Nc6 3. Bb5 a6 4. Bxc6 dxc6 5. d4 exd4 6. Qxd4 Qxd4 7. Nxd4 Bd6 8. 0-0 Ne7 9. Nc3 0-0 10. f4 Rd8 11. Be3 Ng6 12. Kh1 Bxf4 13. Bxf4 Nxf4 14. Nxc6 bxc6 15. Rxf4 Rd2 16. Rd1 Rxd1+ 17. Nxd1 Be6 18. Nc3 Rd8 19. Kg1 Kf8 20. Kf1 Ke7 21. Ke2 Kd6 22. Ke3 f6 23. Rh4 h6 24. Rh5 Rb8 25. b3 c5 26. e5+ fxe5 27. Ne4+ Kc6 28. c4 Rf8 29. Rxe5 Bf5 30. Nxc5 Bc8 31. Nd3 g5 32. h3 Rf1 33. Nb4+ Kb6 34. Nd5+ Kb7 35. Re7 Re1+ 36. Kd4 Rxe7 37. Nxe7 Be6 38. Ke5 Bd7 39. Nf5 h5 40. g4 1-0

[Event "YUG-ch (Women)"]
[Site "Budva"]
[Date "2002.??.??"]
[Round "?"]
[White "Grujic, Danijela"]
[Black "Laketic, Milica"]
[Result "0-1"]
[WhiteElo "2180"]
[BlackElo "2130"]
[PlyCount "94"]
[EventDate "2002.08.??"]
[EventType "team"]
[EventRounds "9"]
[EventCountry "YUG"]
[SourceTitle "EXT 2003"]
[Source "ChessBase"]
[SourceDate "2002.11.25"]
[SourceVersion "1"]
[SourceVersionDate "2002.11.25"]
[SourceQuality "1"]

1. e4 Nf6 2. Nc3 d5 3. e5 Nfd7 4. e6 fxe6 5. d4 c5 6. Nf3 Nc6 7. Bb5 a6 8. Bxc6 bxc6 9. g4 Qc7 10. Qe2 cxd4 11. Nxd4 e5 12. Ne6 Qd6 13. Nxf8 Nxf8 14. Bd2 Ne6 15. 0-0-0 Nd4 16. Qe3 Bxg4 17. Rde1 Nf3 18. Nd1 0-0 19. Ref1 d4 20. Qb3+ Be6 21. Qa4 Bd5 22. Ba5 c5 23. h3 Rab8 24. b3 c4 25. Nb2 c3 26. Nc4 Qh6+ 27. Kb1 Rfc8 28. Ka1 Bxc4 29. bxc4 Nd2 30. Re1 Qc6 31. c5 Qxc5 32. a3 Qb5 33. Qxb5 Rxb5 34. Bb4 Kf7 35. f4 e4 36. Rh2 d3 37. Rg2 a5 38. Bxe7 Kxe7 39. Rxg7+ Kf6 40. Rxh7 Rcb8 41. Rh6+ Kg7 42. Re6 Rb1+ 43. Rxb1 Rxb1+ 44. Ka2 Rb2+ 45. Ka1 Rxc2 46. f5 Nb3+ 47. Kb1 Rb2# 0-1

[Event "YUG-ch (Women)"]
[Site "Budva"]
[Date "2002.??.??"]
[Round "?"]
[White "Laketic, Milica"]
[Black "Benderac, Ana"]
[Result "0-1"]
[WhiteElo "2130"]
[BlackElo "2300"]
[PlyCount "58"]
[EventDate "2002.08.??"]
[EventType "team"]
[EventRounds "9"]
[EventCountry "YUG"]
[SourceTitle "EXT 2003"]
[Source "ChessBase"]
[SourceDate "2002.11.25"]
[SourceVersion "1"]
[SourceVersionDate "2002.11.25"]
[SourceQuality "1"]

1. e4 c5 2. Nf3 d6 3. d4 cxd4 4. Nxd4 Nf6 5. Nc3 a6 6. Bc4 g6 7. 0-0 Bg7 8. Kh1 0-0 9. f3 Nc6 10. Be3 Qc7 11. Bb3 Ne5 12. Qe2 b5 13. a4 b4 14. Nd5 Nxd5 15. Bxd5 Bb7 16. f4 Nd7 17. Rac1 e6 18. Bxe6 Bxd4 19. Bxf7+ Rxf7 20. Bxd4 Re8 21. e5 dxe5 22. fxe5 Rfe7 23. c3 b3 24. Qd1 Nxe5 25. Qxb3+ Nc4 26. Qd1 Re2 27. Bf2 Qc6 28. Rg1 Rxf2 29. Qg4 Ne3 0-1

[Event "YUG-ch (Women)"]
[Site "Budva"]
[Date "2002.??.??"]
[Round "?"]
[White "Laketic, Milica"]
[Black "Prudnikova, Svetlana"]
[Result "0-1"]
[WhiteElo "2130"]
[BlackElo "2405"]
[PlyCount "71"]
[EventDate "2002.08.??"]
[EventType "team"]
[EventRounds "9"]
[EventCountry "YUG"]
[SourceTitle "EXT 2003"]
[Source "ChessBase"]
[SourceDate "2002.11.25"]
[SourceVersion "1"]
[SourceVersionDate "2002.11.25"]
[SourceQuality "1"]

1. e4 c5 2. Nf3 e6 3. d4 cxd4 4. Nxd4 Nc6 5. Nb5 d6 6. Bf4 e5 7. Be3 a6 8. N5c3 Nf6 9. Bg5 Be7 10. Bxf6 Bxf6 11. Nd5 Bg5 12. Nbc3 0-0 13. h4 Bh6 14. g4 f6 15. Bc4 Kh8 16. a4 b6 17. Rg1 g6 18. Qd3 Nd4 19. Ne2 Ne6 20. f3 Nc5 21. Qd1 Bd7 22. Nec3 f5 23. g5 Bg7 24. b4 Ne6 25. Ne2 fxe4 26. fxe4 Nd4 27. Nxd4 exd4 28. Ra3 b5 29. axb5 axb5 30. Rxa8 Qxa8 31. Bd3 Bc6 32. Rf1 Rd8 33. Nf6 Bxf6 34. gxf6 Bxe4 35. f7 Kg7 36. Bxb5 0-1

[Event "YUG-chT (Women)"]
[Site "Herceg Novi"]
[Date "2001.05.??"]
[Round "4"]
[White "Prudnikova, Svetlana"]
[Black "Laketic, Milica"]
[Result "1-0"]
[WhiteElo "2422"]
[BlackElo "2153"]
[PlyCount "43"]
[EventDate "2001.05.??"]
[EventType "team"]
[EventRounds "11"]
[EventCountry "YUG"]
[SourceTitle "CBM 082 Extra"]
[Source "ChessBase"]
[SourceDate "2001.07.03"]
[SourceVersion "1"]
[SourceVersionDate "2001.07.03"]
[SourceQuality "1"]

1. e4 Nf6 2. e5 Nd5 3. d4 d6 4. Nf3 Bg4 5. Be2 e6 6. 0-0 Be7 7. c4 Nb6 8. Be3 0-0 9. Nc3 d5 10. c5 Bxf3 11. gxf3 Nc8 12. f4 g6 13. Kh1 Nc6 14. f5 exf5 15. Bf3 Bh4 16. Bxd5 N8e7 17. Bg2 f4 18. Bxf4 Nxd4 19. Qa4 g5 20. Rad1 gxf4 21. Rxd4 Qc8 22. Rxf4 1-0

[Event "YUG-chT (Women)"]
[Site "Vrnjacka Banja"]
[Date "1999.??.??"]
[Round "3"]
[White "Laketic, Milica"]
[Black "Dragasevic, Antonina"]
[Result "1-0"]
[WhiteElo "2113"]
[BlackElo "2172"]
[PlyCount "153"]
[EventDate "1999.08.??"]
[EventType "team"]
[EventRounds "9"]
[EventCountry "YUG"]
[SourceTitle "EXT 2000"]
[Source "ChessBase"]
[SourceDate "1999.11.16"]
[SourceVersion "1"]
[SourceVersionDate "1999.11.16"]
[SourceQuality "1"]

1. e4 c5 2. Nf3 d6 3. d4 cxd4 4. Nxd4 Nf6 5. Nc3 e6 6. Bc4 Be7 7. Be3 0-0 8. f3 Nc6 9. Qd2 Na5 10. Be2 e5 11. Nb3 Nxb3 12. axb3 Be6 13. Bc4 a6 14. Nd5 b5 15. Nxf6+ Bxf6 16. Bd5 Bxd5 17. Qxd5 Bg5 18. Bf2 Qc8 19. c4 Qe6 20. Qxe6 fxe6 21. Ke2 Rfc8 22. Kd3 Kf7 23. Rhb1 Ke7 24. Ra5 Rcb8 25. h4 Bh6 26. Kc3 Rc8 27. Rba1 Rc6 28. Rd1 Rac8 29. Rda1 bxc4 30. b4 R8c7 31. Rxa6 Rxa6 32. Rxa6 d5 33. Bc5+ Kf7 34. Rd6 d4+ 35. Kxc4 g5 36. h5 Bf8 37. Ra6 Be7 38. g4 Rd7 39. Ra3 Ke8 40. Ra8+ Kf7 41. Ra3 Ke8 42. Rd3 Rc7 43. Ra3 Rd7 44. Kd3 Rb7 45. Ra8+ Kf7 46. Kc4 Rd7 47. Bxe7 Kxe7 48. b5 Rc7+ 49. Kd3 Rb7 50. Ra5 Kd6 51. b4 h6 52. Ra6+ Kd7 53. b6 Kc6 54. Kc4 Rxb6 55. b5+ Kb7 56. Ra2 Rd6 57. Kc5 Rd8 58. Rd2 Kc7 59. Rd3 Kb7 60. b6 Rc8+ 61. Kd6 Rc3 62. Rd2 Rxf3 63. Kxe5 d3 64. Kxe6 Kxb6 65. Kd5 Rg3 66. e5 Kc7 67. Ke6 Rf3 68. Ke7 Kc6 69. e6 Kc7 70. Ra2 Rf4 71. Ra7+ Kc8 72. Rd7 Rxg4 73. Rxd3 Rf4 74. Ke8 g4 75. Rc3+ Kb7 76. e7 Rf2 77. Kd7 1-0

[Event "YUG-chT (Women)"]
[Site "Vrnjacka Banja"]
[Date "1999.??.??"]
[Round "8"]
[White "Maksimovic, Suzana"]
[Black "Laketic, Milica"]
[Result "1/2-1/2"]
[WhiteElo "2263"]
[BlackElo "2113"]
[PlyCount "105"]
[EventDate "1999.08.??"]
[EventType "team"]
[EventRounds "9"]
[EventCountry "YUG"]
[SourceTitle "EXT 2000"]
[Source "ChessBase"]
[SourceDate "1999.11.16"]
[SourceVersion "1"]
[SourceVersionDate "1999.11.16"]
[SourceQuality "1"]

1. d4 Nf6 2. Nf3 d5 3. c4 e6 4. e3 Nbd7 5. Bd3 a6 6. Nbd2 dxc4 7. Nxc4 Bb4+ 8. Bd2 Bxd2+ 9. Qxd2 c5 10. Nd6+ Ke7 11. Ne5 Nxe5 12. dxe5 Ne8 13. Qc3 f6 14. 0-0-0 Nxd6 15. Bc2 fxe5 16. Qxe5 Rf8 17. Qxg7+ Ke8 18. Qe5 Ke7 19. Qg5+ Rf6 20. e4 e5 21. f4 Nf7 22. Rxd8 Nxg5 23. fxg5 Kxd8 24. gxf6 Be6 25. Rf1 Kd7 26. a3 Rg8 27. g3 b5 28. Kd2 Bh3 29. Rd1 Bg4 30. Rf1 Bh3 31. Rd1 Bg4 32. Rf1 Rf8 33. h3 Bxh3 34. Rh1 Bg2 35. Rxh7+ Ke6 36. Ra7 Kxf6 37. Rxa6+ Kg5 38. Ke2 Bf3+ 39. Ke3 Bg4 40. Rb6 b4 41. axb4 cxb4 42. Rxb4 Rf3+ 43. Kd2 Rxg3 44. Rb8 Rg2+ 45. Kc3 Kf4 46. b4 Bf3 47. Rf8+ Ke3 48. b5 Rg7 49. Rc8 Bxe4 50. Bxe4 Kxe4 51. b6 Rb7 52. Rc6 Kd5 53. Rh6 1/2-1/2

[Event "YUG-chT (Women)"]
[Site "Vrnjacka Banja"]
[Date "1999.??.??"]
[Round "1"]
[White "Zelenaja Azaric, Galina"]
[Black "Laketic, Milica"]
[Result "0-1"]
[WhiteElo "2054"]
[BlackElo "2113"]
[PlyCount "70"]
[EventDate "1999.08.??"]
[EventType "team"]
[EventRounds "9"]
[EventCountry "YUG"]
[SourceTitle "EXT 2000"]
[Source "ChessBase"]
[SourceDate "1999.11.16"]
[SourceVersion "1"]
[SourceVersionDate "1999.11.16"]
[SourceQuality "1"]

1. e4 Nf6 2. d3 d5 3. Nd2 c5 4. Ngf3 Nc6 5. g3 Bg4 6. Bg2 e6 7. 0-0 Be7 8. Re1 h6 9. h3 Bh5 10. c3 0-0 11. e5 Nd7 12. g4 Bg6 13. Nf1 Rc8 14. Ng3 b5 15. Bf4 b4 16. Qd2 a5 17. Kh1 a4 18. Nh5 Kh7 19. Nxg7 Kxg7 20. Bxh6+ Kg8 21. Bxf8 Bxf8 22. h4 Bg7 23. h5 Bh7 24. d4 bxc3 25. bxc3 cxd4 26. cxd4 Be4 27. Qf4 Nxd4 28. Ng5 Nxe5 29. Bxe4 dxe4 30. Rxe4 Ndf3 31. Rxe5 Nxe5 32. Re1 Qd5+ 33. Kg1 f6 34. Ne4 Rf8 35. Rc1 Nd3 0-1

[Event "YUG-chT2"]
[Site "Yugoslavia"]
[Date "1994.??.??"]
[Round "3"]
[White "Alexandria, Nana"]
[Black "Laketic, Milica"]
[Result "1-0"]
[WhiteElo "2305"]
[BlackElo "2085"]
[PlyCount "81"]
[EventDate "1994.??.??"]
[EventType "team"]
[EventRounds "11"]
[EventCountry "YUG"]
[SourceTitle "EXT 1997"]
[Source "ChessBase"]
[SourceDate "1996.11.15"]
[SourceVersion "1"]
[SourceVersionDate "1996.11.15"]
[SourceQuality "1"]

1. c4 e6 2. d4 d5 3. Nc3 Nf6 4. Bf4 c5 5. Nf3 Nc6 6. e3 cxd4 7. Nxd4 a6 8. Be2 Be7 9. 0-0 0-0 10. cxd5 Nxd5 11. Nxd5 exd5 12. Rc1 Nxd4 13. Qxd4 Bf6 14. Be5 Bxe5 15. Qxe5 Re8 16. Qd4 Qa5 17. a3 Re4 18. Qc5 Qd8 19. Bf3 Re5 20. Qc7 Qe8 21. Rfd1 Re7 22. Qb6 Be6 23. Bxd5 Bxd5 24. Rxd5 Rd7 25. Rxd7 Qxd7 26. Qc7 Qf5 27. Qxb7 Rd8 28. Qxa6 h5 29. Qe2 Qa5 30. Rd1 Rb8 31. h4 Qe5 32. Rd4 g6 33. g3 Rb3 34. Qd2 Kg7 35. Rb4 Rxb4 36. Qxb4 Qf5 37. Qd4+ f6 38. a4 Qa5 39. Kg2 Qa8+ 40. e4 Qb7 41. b4 1-0

[Event "YUG-chT2"]
[Site "Yugoslavia"]
[Date "1994.??.??"]
[Round "9"]
[White "Borsuk, Angela"]
[Black "Laketic, Milica"]
[Result "1/2-1/2"]
[WhiteElo "2230"]
[BlackElo "2085"]
[PlyCount "25"]
[EventDate "1994.??.??"]
[EventType "team"]
[EventRounds "11"]
[EventCountry "YUG"]
[SourceTitle "EXT 1997"]
[Source "ChessBase"]
[SourceDate "1996.11.15"]
[SourceVersion "1"]
[SourceVersionDate "1996.11.15"]
[SourceQuality "1"]

1. d4 Nf6 2. c4 e5 3. dxe5 Ng4 4. Nf3 Bc5 5. e3 Nc6 6. a3 a5 7. e6 dxe6 8. Qxd8+ Nxd8 9. Nc3 0-0 10. Be2 f5 11. 0-0 Nf7 12. h3 Nf6 13. b3 1/2-1/2